Southville International School and Colleges
Your cart is empty.
  • Cart
  • Lists
    Public lists Eva Luna New books Lux_list list_1
    Your lists Log in to create your own lists
  • Log in to your account
  • Your cookies
  • Search history
Southville International School and Colleges
  • Advanced search
  • Recent comments
  • Most popular
  • Libraries

Log in to your account

Log in with GOOGLE


If you do not have an external account, but do have a local account, you can still log in:

  1. Home
  2. MARC view: Structured Revision Practice Science :
Normal view MARC view ISBD view

Structured Revision Practice Science : (Record no. 25118)

[ view plain ]
MARC details
000 -LEADER
fixed length control field 00880nam a2200205 a 4500
005 - DATE AND TIME OF LATEST TRANSACTION
control field 20140310183602.0
008 - FIXED-LENGTH DATA ELEMENTS--GENERAL INFORMATION
fixed length control field 120823s19uu xx 00 eng d
020 ## - INTERNATIONAL STANDARD BOOK NUMBER
International Standard Book Number 9789874252805
050 ## - LIBRARY OF CONGRESS CALL NUMBER
Classification number HV 40
Item number .Sc6464 2010
245 ## - TITLE STATEMENT
Title Structured Revision Practice Science :
Remainder of title a complete revision practice to PSLE /
Statement of responsibility, etc Rajeswari K.,editor.
250 ## - EDITION STATEMENT
Edition statement 1st Ed.
260 ## - PUBLICATION, DISTRIBUTION, ETC. (IMPRINT)
Place of publication, distribution, etc Singapore :
Name of publisher, distributor, etc Fairfield Book Publishers Pte Ltd,
Date of publication, distribution, etc 2010.
300 ## - PHYSICAL DESCRIPTION
Extent 350 p. ;
Other physical details ill. some col. ;
Dimensions 26 cm.
520 ## - SUMMARY, ETC.
Summary, etc This book is specially designed to help students excel in the PSLE Science. All important topics from Primary 3 to Primary 6 are covered as structured revision practices to prepare students for the PSLE Science paper.
521 ## - TARGET AUDIENCE NOTE
Target audience note
650 ## - SUBJECT ADDED ENTRY--TOPICAL TERM
Topical term or geographic name as entry element Science
General subdivision Study and teaching (Elementary)
650 ## - SUBJECT ADDED ENTRY--TOPICAL TERM
Topical term or geographic name as entry element Science
General subdivision Problems, exercises, etc
942 ## - ADDED ENTRY ELEMENTS (KOHA)
Koha item type Books
Source of classification or shelving scheme Library of Congress Classification
Call number prefix Foreign
Holdings
Withdrawn status Lost status Source of classification or shelving scheme Damaged status Home library Current library Shelving location Date acquired Source of acquisition Cost, normal purchase price Total Checkouts Full call number Barcode Date last seen Copy number Price effective from Koha item type
    Library of Congress Classification   College Library College Library General Circulation Section 08/23/2012   359.00   HV 40 .Sc6464 2010 C14430 05/15/2018 1 10/18/2013 Books

Structured Revision Practice Science :

APA

(2010). Structured Revision Practice Science. Singapore: Fairfield Book Publishers Pte Ltd.

Chicago

2010. Structured Revision Practice Science. Singapore: Fairfield Book Publishers Pte Ltd.

Harvard

(2010). Structured Revision Practice Science. Singapore: Fairfield Book Publishers Pte Ltd.

MLA

Structured Revision Practice Science. Singapore: Fairfield Book Publishers Pte Ltd. 2010.

  • Place hold
  • Print
  • Cite
  • Add to your cart (remove)
  • Save record
    BIBTEX Dublin Core MARCXML MARC (non-Unicode/MARC-8) MARC (Unicode/UTF-8) MARC (Unicode/UTF-8, Standard) MODS (XML) RIS
  • More searches
    Search for this title in:
    Other Libraries (WorldCat) Other Databases (Google Scholar) Online Stores (Bookfinder.com) Open Library (openlibrary.org)

Exporting to Dublin Core...

SOUTHVILLE LIBRARY

Southville International School and Colleges Library

1281 Tropical Ave. Cor. Luxembourg St., BF Homes International, Las Pinas City

Tel. No. 8256374 / 252358 Loc. 117/146

Powered by Koha